000
00210nam a22000857a 4500
001
1236323
005
20251001160821.0
245
_a
TAVAN ARASINA YOLCUKLUK
_c
DAN GORDON
260
_b
GÜNIŞIĞI KİTAPLIĞI YAYINLARI
999
_c
1236323
_d
1236323